| 000 | 00482nam a22001817a 4500 | ||
|---|---|---|---|
| 003 | NUST - PNEC | ||
| 005 | 20170116180854.0 | ||
| 008 | 150827b xxu||||| |||| 00| 0 eng d | ||
| 020 | _a9788122427233 | ||
| 040 | _cLIBRARY | ||
| 082 | _a620.005RAO | ||
| 100 |
_95909 _aRao, Singiresu S |
||
| 245 |
_aEngineering optimization : theory and practice _cSingiresu S Rao |
||
| 250 | _a3rd ed | ||
| 260 | _cc2013. | ||
| 650 |
_95911 _aMathematical optimization _xME |
||
| 942 |
_2ddc _cBK |
||
| 999 |
_c64752 _d64752 |
||